فهـرس مكتبـة معهد التخطيـط Institute of National Planning Catalog

Privatization : (رقم التسجيلة. 4605)

تفاصيل مارك
000 -الفاتح
حقل البيانات ثابتة الطول 00871cam a2200253 a 4500
003 - محدد رقم الضبط
رقم الضبط INP
005 - وقت وتاريخ اخر تعامل مع التسجيلة
رقم الضبط 20181126111627.0
008 - عناصر البيانات ثابتة الطول - معلومات عامة
حقل البيانات ثابتة الطول 030226s1988 mauaj fr 001 0 eng d
020 ## - الرقم الدولى المعيارى للكتب
الرقم الدولى المعيارى للكتاب 026220334
020 ## - الرقم الدولى المعيارى للكتب
الرقم الدولى المعيارى للكتاب 9780262720113
040 ## - مصدر الفهرسة
وكالة الفهرسة الأصلية EG-INP
وكالة النسخ EG-INP
لغة الفهرسة ara
082 04 - رقم تصنيف ديوى العشرى
رقم التصنيف 330.12
رقم الطبعة 21
رقم المادة j p
100 1# - المدخل الرئيسى - إسم شخصى
الإسم الشخصى Vickers, John.
245 10 - بيان العنوان
العنوان Privatization :
العنوان الفرعي an economic analysis /
بيان المسئولية John Vickers and George Yarrow.
260 ## - بيانات النشر
مكان الناشر او الموزع [Cambridge, Mass. :
اسم الناشر او الموزع MIT Press,
تاريخ النشر أو التوزيع 1988].
300 ## - الوصف المادى
التعداد 454 p. :
تفاصيل ماديه اخرى للوعاء ill. ;
أبعاد الوعاء 24 cm.
490 1# - بيان السلسلة
عنوان السلسلة MIT Press series on the regulation of economic activity ;
رقم المجلد/ التعيين التسلسلي 18.
504 ## - تبصرة ببليوجرافية
تبصرة ببليوجرافية,الخ includes bibliographical references and indexes.
650 #0 - المدخل الاضافى بالموضوع-مصطلح موضوعى
مصطلح موضوعي كعنصر مدخل Privatization
التقسيم الفرعي الجغرافي Great Britain.
مصدر الرأس أو المصطلح qrmak
653 #0 - مصطلح تكشيفى غير مقيد
مصطلح غير مقيد Organization - Private enterprise.
700 1# - المدخل الاضافى - اسم شخصى
الإسم الشخصى Yarrow, George,
الدور Co-Author.
700 1# - المدخل الاضافى - اسم شخصى
الإسم الشخصى Vickers, John,
الدور Co-Author.
901 ## - عنصر بيانات محلىA, LDA (RLIN)
كود المفهرس EGPV19
902 ## - عنصر بيانات محلىB, LDB (RLIN)
كود المراجع EGPV31
903 ## - original or copycat
a copycat
المقتنيات
حالة التراجع المكان المؤقت الموقع الحالى نوع وعاء كوها
  Library INP Library INP كتاب